• 首页
  • 本馆介绍
  • 公告通知
  • 最新文献
  • 馆藏检索
  • 电子资源
  • 读者导购
  • 参考咨询
  • 我的图书馆
  • 登录
  • 详细信息显示
  • 放入我的书架
  • 预约/预借图书
  • 作者相关作品
  • 分类相关作品
  • 丛书相关作品
  • 出版社相关作品

书目信息

  • 表格格式
  • 工作单格式
  • 卡片格式
题名:
深不可测的水生动物
    
 
作者: 张辰亮 著 ;单菁菁 绘
分册:  
出版信息: 成都   天地出版社  2021
页数: 108页
开本: 23cm
丛书名:
单 册:
中图分类: Q958.8
科图分类:
主题词: 水生动物--儿童读物
电子资源:
ISBN: 978-7-5455-6168-5
000 00767nam0 2200253 450
001 011137734
005 20210623133857.0
010    @a978-7-5455-6168-5@dCNY39.80
100    @a20210424d2021 cemy0chiy0120 ea
101 0  @achi
102    @aCN@b510000
105    @aa z 000yy
106    @ar
200 1  @a深不可测的水生动物@9shen bu ke ce de shui sheng dong wu@f张辰亮著@g单菁菁等绘
210    @a成都@c天地出版社@d2021
215    @a108页@c彩图@d23cm
300    @a小亮老师的博物课
300    @a北京市绿色印刷工程——优秀青少年读物绿色印刷示范项目
606 0  @a水生动物@j儿童读物
690    @aQ958.8@v5
701  0 @a张辰亮@9zhang chen liang@4著
702  0 @a单菁菁@9shan jing jing@4绘
801  0 @aCN@bBJXHZP@c20230228
905    @b1379529-32@dQ958.8@e363@f4
    
    深不可测的水生动物/张辰亮著/单菁菁等绘.-成都:天地出版社,2021
    108页:彩图;23cm
    小亮老师的博物课.-北京市绿色印刷工程——优秀青少年读物绿色印刷示范项目
    
    ISBN 978-7-5455-6168-5:CNY39.80
    
●
相关链接 在E读中查询图书 在五车中查询图书 在当当中查询图书 在豆瓣中查询图书


正题名:深不可测的水生动物     索取号:Q958.8/363         预约/预借

序号 登录号 条形码 馆藏地/架位号 状态 备注
1 1379529   213795295   第二样本阅览室/ [索取号:Q958.8/363] 在馆    
2 1379530   213795302   第三借阅区/ [索取号:Q958.8/363] 在馆    
3 1379531   213795311   第三借阅区/ [索取号:Q958.8/363] 在馆    
4 1379532   213795320   第三借阅区/ [索取号:Q958.8/363] 在馆    
唐山师范学院图书馆 欢迎您!
大连网信软件有限公司© 版权所有